000
00278nam a2200109Ia 4500
008
190912s9999||||xx |||||||||||||| ||und||
100
_a
Mahmood, Shahid
245
0
_a
Annotated Bibliography of Research Theses
260
_a
Islamabad
_b
Prentice
_c
1998
300
_a
558
942
_c
BK
999
_c
7116
_d
7116